[Event "EU-ch Rapid (Women)"]
[Site "Monaco"]
[Date "2024.01.14"]
[Round "6"]
[White "Hrebenshchykova, Yelyzaveta"]
[Black "Paehtz, Elisabeth"]
[Result "0-1"]
[WhiteElo "2275"]
[BlackElo "2461"]
[PlyCount "86"]
[EventDate "2024.01.13"]
[EventType "swiss (rapid)"]
[EventRounds "11"]
[EventCountry "MNC"]
[SourceTitle "CB03_2024"]
[SourceDate "2024.01.17"]
[SourceVersion "1"]
[SourceVersionDate "2024.01.17"]
[SourceQuality "1"]

1. e4 c5 2. Nf3 d6 3. Nc3 Nf6 4. d4 cxd4 5. Nxd4 a6 6. Be2 e5 7. Nf3 h6 8. Bc4 Be7 9. a4 Nc6 10. 0-0 0-0 11. Re1 Be6 12. Bd5 Rc8 13. h3 Bxd5 14. Nxd5 Nxd5 15. exd5 Nb8 16. b3 Nd7 17. c4 a5 18. Ba3 Qc7 19. Nd4 Rfe8 20. Nf5 Bf8 21. Qg4 g6 22. Re3 Nc5 23. Rae1 Kh7 24. Bxc5 Qxc5 25. Rg3 Qc7 26. Ree3 Rcd8 27. h4 Qd7 28. Ref3 h5 29. Qh3 e4 30. Rf4 Re5 31. Nd4 Bh6 32. Rf6 Qe7 33. Re6 fxe6 34. Nxe6 Re8 35. Rc3 Rxe6 36. dxe6 Qxe6 37. Qg3 Bg7 38. Re3 Bd4 39. Re2 Qe5 40. Qh3 Qf5 41. Qg3 Bc5 42. Kh2 Qe5 43. f4 Qf5 0-1

[Event "EU-ch Rapid (Women)"]
[Site "Monaco"]
[Date "2024.01.14"]
[Round "9"]
[White "Osmak, Iulija"]
[Black "Paehtz, Elisabeth"]
[Result "1/2-1/2"]
[WhiteElo "2450"]
[BlackElo "2461"]
[PlyCount "137"]
[EventDate "2024.01.13"]
[EventType "swiss (rapid)"]
[EventRounds "11"]
[EventCountry "MNC"]
[SourceTitle "CB03_2024"]
[SourceDate "2024.01.17"]
[SourceVersion "1"]
[SourceVersionDate "2024.01.17"]
[SourceQuality "1"]

1. e4 c5 2. Nf3 Nc6 3. Bb5 e6 4. 0-0 Nge7 5. d4 cxd4 6. Nxd4 Ng6 7. c3 Qb6 8. a4 a6 9. Be2 Be7 10. Na3 Nxd4 11. cxd4 d5 12. e5 Bd7 13. Nc2 Qb3 14. Ne3 Qxd1 15. Rxd1 Rc8 16. Bd2 f6 17. exf6 gxf6 18. g3 Kf7 19. f4 f5 20. Kf2 Bf6 21. Bb4 Ne7 22. Bc5 h5 23. h4 a5 24. Bb6 Ra8 25. b3 Nc8 26. Bc7 Ke7 27. Bf3 Bc6 28. Rac1 Nd6 29. Rc5 Kd7 30. Bxa5 b5 31. axb5 Nxb5 32. Bc3 Be7 33. Bb4 Bxc5 34. dxc5 Ra2+ 35. Rd2 Rxd2+ 36. Bxd2 Kc7 37. Ba5+ Kb7 38. Nc2 Ra8 39. b4 Rh8 40. Be2 Nc3 41. Nd4 Ne4+ 42. Kg2 Bd7 43. Bd3 Ra8 44. Bxe4 dxe4 45. Kf2 Bc6 46. Ke3 Bd5 47. Kf2 Ra6 48. Ke3 Ra8 49. Kf2 Rc8 50. Bb6 Ra8 51. Ba5 Rc8 52. Bb6 Rg8 53. b5 e3+ 54. Kxe3 Rxg3+ 55. Kf2 Rg4 56. Bd8 Rxf4+ 57. Ke3 Re4+ 58. Kd3 Kc8 59. Bg5 f4 60. c6 f3 61. Nxf3 Rb4 62. Nd4 e5 63. Nf5 Be6 64. Nd6+ Kc7 65. Be7 Rd4+ 66. Ke3 Rxd6 67. b6+ Kxc6 68. b7 Kxb7 69. Bxd6 1/2-1/2

[Event "EU-ch Rapid (Women)"]
[Site "Monaco"]
[Date "2024.01.14"]
[Round "7"]
[White "Paehtz, Elisabeth"]
[Black "Papp, Petra"]
[Result "1-0"]
[WhiteElo "2461"]
[BlackElo "2267"]
[PlyCount "103"]
[EventDate "2024.01.13"]
[EventType "swiss (rapid)"]
[EventRounds "11"]
[EventCountry "MNC"]
[SourceTitle "CB03_2024"]
[SourceDate "2024.01.17"]
[SourceVersion "1"]
[SourceVersionDate "2024.01.17"]
[SourceQuality "1"]

1. d4 Nf6 2. Nf3 g6 3. Bg5 Bg7 4. Nbd2 0-0 5. c3 d5 6. e3 c5 7. Be2 Nc6 8. 0-0 Qb6 9. Qb3 Be6 10. Qa3 Ne4 11. Nxe4 dxe4 12. Nd2 h6 13. Bf4 g5 14. Bg3 cxd4 15. Nxe4 dxe3 16. Nc5 Bf5 17. fxe3 Bg6 18. Rad1 Rfd8 19. Bf3 e6 20. Nd7 Qb5 21. Rf2 Ne5 22. Bxe5 Rxd7 23. Rxd7 Qxd7 24. Qd6 Rd8 25. Rd2 Qxd6 26. Rxd6 Rxd6 27. Bxd6 b5 28. Be2 Bb1 29. Bxb5 Bxa2 30. Bc5 a5 31. Bb6 Bf8 32. Bxa5 Bc5 33. Kf2 f5 34. Ke2 Bd5 35. g3 h5 36. Bd8 g4 37. b4 Bd6 38. Kf2 Be4 39. Bd7 e5 40. Be8 f4 41. exf4 exf4 42. Bxh5 Be5 43. gxf4 Bxc3 44. b5 Bf3 45. b6 Kg7 46. Bc7 Kf6 47. h3 Kf5 48. Bxg4+ Bxg4 49. hxg4+ Kxg4 50. b7 Bd4+ 51. Ke2 Ba7 52. b8Q 1-0

[Event "FIDE Grand Swiss (Women)"]
[Site "Douglas"]
[Date "2023.11.03"]
[Round "9"]
[White "Paehtz, Elisabeth"]
[Black "Sachdev, Tania"]
[Result "1/2-1/2"]
[WhiteElo "2484"]
[BlackElo "2389"]
[PlyCount "74"]
[EventDate "2023.10.25"]
[EventType "swiss"]
[EventRounds "11"]
[EventCountry "IOM"]
[SourceTitle "Mega2024 Update 01"]
[Source "Chessbase"]
[SourceDate "2023.11.12"]
[SourceVersion "1"]
[SourceVersionDate "2023.11.12"]
[SourceQuality "1"]

1. c4 e5 2. g3 Nf6 3. Bg2 d5 4. cxd5 Nxd5 5. Nc3 Nb6 6. Nf3 Nc6 7. 0-0 Be7 8. b3 0-0 9. Bb2 Bg4 10. Rc1 Qd7 11. Ne4 f6 12. Nc5 Bxc5 13. Rxc5 Rad8 14. Qc2 Rfe8 15. d3 Nb4 16. Qb1 c6 17. Re1 Nc8 18. a3 Nd5 19. b4 Nd6 20. Nd2 Nc7 21. Rcc1 Bh3 22. Bh1 Qf7 23. a4 a6 24. Qc2 Nd5 25. Qc5 Nf4 26. Ne4 Nxe4 27. Bxe4 Ne6 28. Qc4 Ng5 29. Qxf7+ Kxf7 30. Bh1 e4 31. dxe4 Nxe4 32. Rcd1 Rd2 33. Rxd2 Nxd2 34. Bc3 Ne4 35. Bd4 Nd2 36. f3 Be6 37. Kf2 Rd8 1/2-1/2

[Event "FIDE Grand Swiss (Women)"]
[Site "Douglas"]
[Date "2023.11.02"]
[Round "8"]
[White "Gunina, Valentina"]
[Black "Paehtz, Elisabeth"]
[Result "1/2-1/2"]
[WhiteElo "2439"]
[BlackElo "2484"]
[PlyCount "153"]
[EventDate "2023.10.25"]
[EventType "swiss"]
[EventRounds "11"]
[EventCountry "IOM"]
[SourceTitle "Mega2024 Update 01"]
[Source "Chessbase"]
[SourceDate "2023.11.12"]
[SourceVersion "1"]
[SourceVersionDate "2023.11.12"]
[SourceQuality "1"]

1. d4 d5 2. c4 e6 3. Nf3 Nf6 4. Nc3 Be7 5. Bf4 0-0 6. e3 Nbd7 7. a3 c5 8. cxd5 Nxd5 9. Nxd5 exd5 10. dxc5 Nxc5 11. Rc1 Bf5 12. Be2 Ne6 13. Be5 Bf6 14. 0-0 Bxe5 15. Nxe5 d4 16. Bc4 dxe3 17. fxe3 Qg5 18. Qf3 Bg6 19. Nxg6 hxg6 20. Bd5 Qe5 21. h4 Rad8 22. Rcd1 b6 23. b4 Rd7 24. e4 Rc7 25. Rd3 Rfc8 26. Qg3 Qxg3 27. Rxg3 Rc1 28. Rxc1 Rxc1+ 29. Kh2 Nf8 30. Rf3 Rc7 31. Kg3 Nh7 32. Bb3 Nf6 33. Kf4 Re7 34. e5 Nh5+ 35. Ke4 Nf6+ 36. Kd4 Ng4 37. Bd5 Kf8 38. Rc3 Rd7 39. Rg3 Nh6 40. Ke4 Nf5 41. Rc3 Ne7 42. Bb3 Nf5 43. g3 Ke7 44. Bd5 Nh6 45. a4 Ng4 46. a5 Nf2+ 47. Kd4 bxa5 48. bxa5 Ng4 49. a6 Nh6 50. Rb3 f6 51. Rb7 Kd8 52. Rb8+ Ke7 53. Kc5 Rc7+ 54. Bc6 fxe5 55. g4 Nxg4 56. Rb7 Kd8 57. Kd6 Ne3 58. Be4 Nc4+ 59. Kd5 Ne3+ 60. Kxe5 Rxb7 61. axb7 Kc7 62. Bxg6 Kxb7 63. Ke6 Kc7 64. Be4 Ng4 65. Kf7 Nf6 66. Bf3 Kd6 67. Kxg7 Ke7 68. Bd1 a5 69. Kg6 Kf8 70. Bb3 a4 71. Ba2 Ng4 72. h5 a3 73. Bb3 Ne5+ 74. Kh7 Ng4 75. Kg6 Ne5+ 76. Kh6 Ng4+ 77. Kg6 1/2-1/2

[Event "FIDE Grand Swiss (Women)"]
[Site "Douglas"]
[Date "2023.10.27"]
[Round "3"]
[White "Paehtz, Elisabeth"]
[Black "Kamalidenova, Meruert"]
[Result "1-0"]
[WhiteElo "2484"]
[BlackElo "2351"]
[PlyCount "81"]
[EventDate "2023.10.25"]
[EventType "swiss"]
[EventRounds "11"]
[EventCountry "IOM"]
[SourceTitle "Mega2024 Update 01"]
[Source "Chessbase"]
[SourceDate "2023.11.12"]
[SourceVersion "1"]
[SourceVersionDate "2023.11.12"]
[SourceQuality "1"]

1. Nf3 Nf6 2. c4 g6 3. b3 Bg7 4. Bb2 d6 5. g3 e5 6. d3 0-0 7. Bg2 c6 8. 0-0 Na6 9. Nc3 Re8 10. Rc1 Nc7 11. e3 Bf5 12. h3 Qd7 13. Kh2 Rad8 14. e4 Be6 15. c5 dxc5 16. Nxe5 Qd6 17. Na4 Na6 18. f4 Bc8 19. Qc2 Nb4 20. Qxc5 Nxd3 21. Qxd6 Rxd6 22. Rcd1 Red8 23. Ba3 c5 24. Nxc5 Nxc5 25. Rxd6 Rxd6 26. Bxc5 Rd8 27. Bxa7 Be6 28. Bb6 Rd2 29. Rf2 Rd1 30. Bf3 Rd6 31. Bc5 Rd8 32. Be3 Ne8 33. Rd2 Rc8 34. Nd3 Bf8 35. Kg2 Nd6 36. Nf2 Nb5 37. f5 gxf5 38. exf5 Bxf5 39. Rd5 Nd6 40. Bf4 Be6 41. Rg5+ 1-0

[Event "EU-Cup (Women) 27th"]
[Site "Durres"]
[Date "2023.10.03"]
[Round "3.4"]
[White "Aydin, Gulenay"]
[Black "Paehtz, Elisabeth"]
[Result "1/2-1/2"]
[WhiteElo "2143"]
[BlackElo "2484"]
[PlyCount "54"]
[EventDate "2023.10.01"]
[EventType "team-swiss"]
[EventRounds "7"]
[EventCountry "ALB"]
[SourceTitle "EXT 2024"]
[Source "ChessBase"]
[SourceDate "2023.10.10"]
[SourceVersion "1"]
[SourceVersionDate "2023.10.10"]
[SourceQuality "1"]
[WhiteTeam "Gokturk (W)"]
[BlackTeam "Monte Carlo (W)"]
[WhiteTeamCountry "TUR"]
[BlackTeamCountry "MNC"]

1. e4 c5 2. Nf3 d6 3. d4 cxd4 4. Nxd4 Nf6 5. Nc3 a6 6. a3 e5 7. Nf5 d5 8. Bg5 d4 9. Bxf6 Qxf6 10. Nd5 Qd8 11. Qg4 g6 12. Qg3 Bd6 13. Nxd6+ Qxd6 14. Nb6 0-0 15. Nxa8 Be6 16. Bd3 Nd7 17. 0-0 Rxa8 18. Rad1 Rc8 19. h3 Qb6 20. b3 Rc3 21. f4 exf4 22. Qxf4 Qc5 23. a4 Qe5 24. Qd2 Qc5 25. Qf4 Qe5 26. Qd2 Qc5 27. Qf4 Qe5 1/2-1/2

[Event "ESP-chT CECLUB Honor"]
[Site "Linares"]
[Date "2023.09.22"]
[Round "7.2"]
[White "Moussard, Jules"]
[Black "Paehtz, Elisabeth"]
[Result "1/2-1/2"]
[WhiteElo "2656"]
[BlackElo "2479"]
[PlyCount "145"]
[EventDate "2023.09.16"]
[EventType "team-tourn"]
[EventRounds "7"]
[EventCountry "ESP"]
[SourceTitle "EXT 2024"]
[Source "ChessBase"]
[SourceDate "2023.10.10"]
[SourceVersion "1"]
[SourceVersionDate "2023.10.10"]
[SourceQuality "1"]
[WhiteTeam "Andreu Paterna"]
[BlackTeam "Taldea Gros Xake"]
[WhiteTeamCountry "ESP"]
[BlackTeamCountry "ESP"]

1. e4 c5 2. Nf3 e6 3. d4 cxd4 4. Nxd4 Nf6 5. Bd3 Nc6 6. Nxc6 bxc6 7. Bf4 d6 8. 0-0 e5 9. Be3 Ng4 10. Bc1 Be7 11. c4 0-0 12. Nc3 Be6 13. Qe2 Bg5 14. Rd1 Bxc1 15. Raxc1 Qg5 16. Qd2 Qh4 17. h3 Nf6 18. Qe3 Rfd8 19. Bf1 h6 20. Rd2 Rd7 21. b3 Rad8 22. Re1 Qg5 23. Rdd1 Qxe3 24. Rxe3 Kf8 25. g3 g5 26. Bg2 Ng8 27. Ne2 Ne7 28. f4 f6 29. Kh2 Kg7 30. Bf3 c5 31. Bg4 Bxg4 32. hxg4 Nc6 33. Kg2 Nd4 34. Rh1 Rb7 35. f5 a5 36. Nc3 Ra8 37. Ree1 Rh8 38. Kf2 Ra8 39. Rb1 Rab8 40. Ke3 Nc2+ 41. Kd2 Nd4 42. Kd3 Ra8 43. Rbf1 Rab8 44. Rf2 Ra8 45. Rfh2 Rh8 46. Ke3 Rh7 47. Nb5 Rd7 48. Kd3 Rh8 49. Kc3 Nf3 50. Rf2 Nd4 51. Kb2 Kf7 52. Rfh2 Kg7 53. Ka3 Nf3 54. Rf2 Nd4 55. Ka4 Kf7 56. Rfh2 Kg7 57. Rh3 Nc6 58. Nc3 Nd4 59. Nd5 Rf7 60. Nc3 Rb7 61. Nb5 Rd7 62. R3h2 Nc6 63. Ka3 Nd4 64. Kb2 Nf3 65. Rf2 Nd4 66. Kc3 Rb8 67. Rfh2 Rh8 68. a3 Rb7 69. a4 Rd7 70. Rf2 Rb8 71. Rfh2 Rh8 72. Rf2 Rb8 73. Rfh2 1/2-1/2

[Event "WchT (Women) Final"]
[Site "Bydgoszcz"]
[Date "2023.09.09"]
[Round "1.2"]
[White "Paehtz, Elisabeth"]
[Black "Assaubayeva, Bibissara"]
[Result "0-1"]
[WhiteElo "2479"]
[BlackElo "2469"]
[PlyCount "116"]
[EventDate "2023.09.09"]
[EventType "team-k.o. (rapid)"]
[EventRounds "3"]
[EventCountry "POL"]
[SourceTitle "EXT 2024"]
[Source "ChessBase"]
[SourceDate "2023.10.10"]
[SourceVersion "1"]
[SourceVersionDate "2023.10.10"]
[SourceQuality "1"]
[WhiteTeam "Germany (W)"]
[BlackTeam "Kazakhstan (W)"]
[WhiteTeamCountry "GER"]
[BlackTeamCountry "KAZ"]

1. Nf3 Nf6 2. c4 g6 3. b3 Bg7 4. Bb2 0-0 5. g3 b6 6. Bg2 Bb7 7. d4 d5 8. cxd5 Nxd5 9. e4 Nf6 10. e5 Nd5 11. 0-0 e6 12. Nbd2 Nd7 13. Nc4 a5 14. a4 c5 15. Ba3 Nb4 16. Qe2 Qc7 17. Rac1 Bd5 18. Bxb4 axb4 19. Rfd1 Rad8 20. Qe3 Qb8 21. dxc5 bxc5 22. Re1 Rc8 23. Nfd2 Qa8 24. Bxd5 Qxd5 25. Rcd1 Qc6 26. f4 f6 27. exf6 Rxf6 28. Nf3 Nf8 29. Nfe5 Qc7 30. Nd6 Rd8 31. Nec4 h6 32. Rd2 Nh7 33. Red1 Rdf8 34. Ne4 Rf5 35. Rd7 Qc8 36. Rxg7+ Kxg7 37. Ned6 Qc7 38. Nxf5+ exf5 39. Qe6 Nf6 40. Rd6 Qb7 41. Qe5 Rf7 42. a5 Qf3 43. a6 Qxb3 44. Ne3 Qb1+ 45. Kf2 b3 46. Rxf6 Rxf6 47. Nd5 Qc2+ 48. Kg1 Qd1+ 49. Kg2 Qd2+ 50. Kh3 Qd4 51. Nxf6 Qxe5 52. fxe5 b2 53. Nh5+ Kf7 54. e6+ Ke7 55. a7 b1Q 56. a8Q Qf1+ 57. Qg2 Qxg2+ 58. Kxg2 gxh5 0-1

[Event "WchT (Women) Pool-B"]
[Site "Bydgoszcz"]
[Date "2023.09.08"]
[Round "5.3"]
[White "Paehtz, Elisabeth"]
[Black "Stefanova, Antoaneta"]
[Result "1-0"]
[WhiteElo "2479"]
[BlackElo "2410"]
[PlyCount "175"]
[EventDate "2023.09.06"]
[EventType "team (rapid)"]
[EventRounds "5"]
[EventCountry "POL"]
[SourceTitle "EXT 2024"]
[Source "ChessBase"]
[SourceDate "2023.10.10"]
[SourceVersion "1"]
[SourceVersionDate "2023.10.10"]
[SourceQuality "1"]
[WhiteTeam "Germany (W)"]
[BlackTeam "Bulgaria (W)"]
[WhiteTeamCountry "GER"]
[BlackTeamCountry "BUL"]

1. d4 d5 2. c4 c6 3. Nf3 Nf6 4. g3 g6 5. Bg2 Bg7 6. 0-0 dxc4 7. a4 h6 8. Na3 Be6 9. Qc2 Na6 10. Bd2 c5 11. Ne5 Qc8 12. Naxc4 0-0 13. Rfc1 Bh3 14. Qb3 Bxg2 15. Kxg2 Qe6 16. Qxb7 cxd4 17. Qc6 Qd5+ 18. Qxd5 Nxd5 19. Nd3 Rfc8 20. b4 Nc3 21. Na5 e5 22. Bxc3 dxc3 23. e4 f5 24. f3 fxe4 25. fxe4 c2 26. b5 Nc5 27. Nf2 Ne6 28. Nc6 Nd4 29. Nxd4 exd4 30. Ra2 Rc3 31. Rcxc2 Rac8 32. Rcb2 d3 33. Rd2 Rd8 34. a5 h5 35. b6 axb6 36. axb6 Rb3 37. b7 Rxb7 38. Rxd3 Rf8 39. Rf3 Re8 40. Rd2 Re6 41. Nd3 Rd7 42. Ra2 Rde7 43. Nf4 Rd6 44. Ra4 Kh7 45. Nd5 Rb7 46. Rf2 Re6 47. Rc4 Be5 48. Nf4 Ra6 49. Nd3 Re7 50. Nxe5 Rxe5 51. Rf7+ Kh6 52. Rf2 g5 53. h3 Rae6 54. Re2 g4 55. h4 Kg6 56. Rd4 Kh6 57. Re1 Kg6 58. Rb4 Kh6 59. Re3 Kg6 60. Rd4 Kh6 61. Kf2 Kg6 62. Ke2 Ra5 63. Red3 Ra2+ 64. Rd2 Ra3 65. Rd6 Kf7 66. Rxe6 Kxe6 67. Rd3 Ra5 68. Ke3 Kf6 69. Kf4 Ra6 70. e5+ Ke6 71. Rd6+ Rxd6 72. exd6 Kxd6 73. Kg5 Ke5 74. Kxh5 Kf5 75. Kh6 Ke4 76. Kg5 Kf3 77. h5 Kxg3 78. h6 Kf3 79. h7 g3 80. h8Q g2 81. Qh2 Kf2 82. Qf4+ Ke2 83. Qg3 Kf1 84. Qf3+ Kg1 85. Kg4 Kh2 86. Qh3+ Kg1 87. Kf3 Kf1 88. Qxg2+ 1-0

[Event "WchT (Women) Pool-B"]
[Site "Bydgoszcz"]
[Date "2023.09.07"]
[Round "4.1"]
[White "Cori Tello, Deysi Estella"]
[Black "Paehtz, Elisabeth"]
[Result "1/2-1/2"]
[WhiteElo "2367"]
[BlackElo "2479"]
[PlyCount "94"]
[EventDate "2023.09.06"]
[EventType "team (rapid)"]
[EventRounds "5"]
[EventCountry "POL"]
[SourceTitle "EXT 2024"]
[Source "ChessBase"]
[SourceDate "2023.10.10"]
[SourceVersion "1"]
[SourceVersionDate "2023.10.10"]
[SourceQuality "1"]
[WhiteTeam "FIDE Americas (W)"]
[BlackTeam "Germany (W)"]
[BlackTeamCountry "GER"]

1. Nf3 Nf6 2. b3 e6 3. Bb2 b6 4. g3 Bb7 5. Bg2 d5 6. 0-0 Nbd7 7. c4 Be7 8. cxd5 exd5 9. Nd4 g6 10. Qc1 c5 11. Nf3 Rc8 12. d4 c4 13. Qh6 Ne4 14. bxc4 Rxc4 15. Ne5 Nxe5 16. dxe5 Bf8 17. Qe3 Bc5 18. Qh6 Bf8 19. Qe3 Bc5 20. Qd3 0-0 21. Nd2 Rb4 22. Nb3 Be7 23. Rfd1 Ra4 24. e3 Qe8 25. h4 Ba3 26. Bxa3 Rxa3 27. Bxe4 dxe4 28. Qd6 Ra4 29. Rd4 Ra6 30. Nd2 Ra5 31. Nxe4 Bxe4 32. Rxe4 Qa8 33. Rd4 Re8 34. Qf6 Raxe5 35. Rf4 Qd5 36. Rc1 Qe6 37. Rc7 Qxf6 38. Rxf6 R8e7 39. Rc4 Ra5 40. a4 Kg7 41. Rd6 h5 42. Kg2 Rae5 43. Kf3 Rf5+ 44. Ke2 Ra5 45. Kf3 Rf5+ 46. Ke2 Ra5 47. Kf3 Rf5+ 1/2-1/2

[Event "WchT (Women) Pool-B"]
[Site "Bydgoszcz"]
[Date "2023.09.07"]
[Round "3.3"]
[White "Kiolbasa, Oliwia"]
[Black "Paehtz, Elisabeth"]
[Result "1/2-1/2"]
[WhiteElo "2387"]
[BlackElo "2479"]
[PlyCount "85"]
[EventDate "2023.09.06"]
[EventType "team (rapid)"]
[EventRounds "5"]
[EventCountry "POL"]
[SourceTitle "EXT 2024"]
[Source "ChessBase"]
[SourceDate "2023.10.10"]
[SourceVersion "1"]
[SourceVersionDate "2023.10.10"]
[SourceQuality "1"]
[WhiteTeam "Poland (W)"]
[BlackTeam "Germany (W)"]
[WhiteTeamCountry "POL"]
[BlackTeamCountry "GER"]

1. e4 c5 2. Nf3 Nc6 3. d4 cxd4 4. Nxd4 Qb6 5. Nb3 Nf6 6. Nc3 e6 7. a3 a6 8. Bf4 h6 9. e5 Qc7 10. Qe2 Nh7 11. 0-0-0 b5 12. h4 Bb7 13. Rh3 b4 14. axb4 Nxb4 15. Qc4 Qxc4 16. Bxc4 Bxg2 17. Rg3 Bc6 18. Na5 g5 19. hxg5 Nxg5 20. Nxc6 Nxc6 21. Rh1 Bg7 22. Bxg5 hxg5 23. Rxh8+ Bxh8 24. Rxg5 Ke7 25. f4 f6 26. Rh5 fxe5 27. Rh7+ Kf6 28. Rxd7 exf4 29. Ne4+ Kf5 30. Nc5 Bd4 31. Bxe6+ Kg6 32. Nd3 Be3+ 33. Kd1 Rh8 34. Bd5 Nd4 35. Be4+ Kg5 36. Rg7+ Kf6 37. Rg6+ Ke7 38. c3 Ne6 39. Bd5 Nc7 40. Be4 Rh2 41. Rg7+ Kd6 42. Rg6+ Ke7 43. Rg7+ 1/2-1/2

[Event "World-chT Rapid"]
[Site "Dusseldorf"]
[Date "2023.08.28"]
[Round "9"]
[White "Lubbe, Melanie"]
[Black "Paehtz, Elisabeth"]
[Result "0-1"]
[WhiteElo "2256"]
[BlackElo "2471"]
[PlyCount "94"]
[EventDate "2023.08.26"]
[EventType "team-swiss (rapid)"]
[EventRounds "12"]
[EventCountry "GER"]
[SourceTitle "CBM 215 Extra"]
[Source "ChessBase"]
[SourceDate "2023.09.30"]
[SourceVersion "1"]
[SourceVersionDate "2023.09.30"]
[SourceQuality "1"]
[WhiteTeam "Team Chessemy.com"]
[BlackTeam "Berlin Chess Federation"]
[WhiteTeamCountry "GER"]
[BlackTeamCountry "GER"]

1. e4 c5 2. Nf3 d6 3. d4 cxd4 4. Nxd4 Nf6 5. Nc3 g6 6. Be2 Bg7 7. 0-0 0-0 8. Re1 Nc6 9. Nb3 a6 10. Bf1 Bd7 11. Nd5 Rc8 12. c3 Nxd5 13. exd5 Ne5 14. Be3 Ng4 15. Bd4 Nf6 16. c4 b5 17. Rc1 bxc4 18. Bxc4 a5 19. Qe2 Re8 20. Bc3 Ra8 21. Nd4 Qb6 22. Nb5 Rac8 23. a4 Ng4 24. Bxg7 Kxg7 25. b3 Ne5 26. Qb2 Kg8 27. Be2 Bxb5 28. Bxb5 Rf8 29. Qd2 f5 30. Qe3 Qxe3 31. fxe3 Kg7 32. h3 Kf6 33. Kf2 Nf7 34. Bd7 Rb8 35. Rc3 Ng5 36. Rc7 Ne4+ 37. Kg1 Rxb3 38. Ra7 Rfb8 39. Rxa5 Rb1 40. Rxb1 Rxb1+ 41. Kh2 h5 42. h4 Nf2 43. Kg3 Ng4 44. Rb5 Ra1 45. Rb3 Ke5 46. Bc6 Ke4 47. Rb7 f4+ 0-1

[Event "World-chT Rapid"]
[Site "Dusseldorf"]
[Date "2023.08.28"]
[Round "12"]
[White "Paehtz, Elisabeth"]
[Black "Kosteniuk, Alexandra"]
[Result "1/2-1/2"]
[WhiteElo "2471"]
[BlackElo "2532"]
[PlyCount "118"]
[EventDate "2023.08.26"]
[EventType "team-swiss (rapid)"]
[EventRounds "12"]
[EventCountry "GER"]
[SourceTitle "CBM 215 Extra"]
[Source "ChessBase"]
[SourceDate "2023.09.30"]
[SourceVersion "1"]
[SourceVersionDate "2023.09.30"]
[SourceQuality "1"]
[WhiteTeam "Berlin Chess Federation"]
[BlackTeam "WR Chess"]
[WhiteTeamCountry "GER"]
[BlackTeamCountry "GER"]

1. Nf3 d5 2. g3 Nf6 3. Bg2 c5 4. d3 g6 5. 0-0 Bg7 6. Nc3 0-0 7. e4 dxe4 8. dxe4 Nc6 9. h3 Be6 10. Be3 Qa5 11. Qc1 Rfd8 12. Nd2 Nd4 13. Kh2 b5 14. Nb3 Qb6 15. f4 Rac8 16. Rf2 a5 17. Nd2 b4 18. Na4 Qb5 19. b3 c4 20. Bxd4 Rxd4 21. e5 Ne8 22. Bf1 Qc6 23. Nf3 Rdd8 24. Qe3 cxb3 25. axb3 Bd5 26. Nb6 Qc5 27. Qxc5 Rxc5 28. Nxd5 Rdxd5 29. Bc4 Rd8 30. Ng5 e6 31. Ne4 Rc7 32. Rxa5 Bf8 33. Bd3 Be7 34. g4 Kg7 35. Kg3 f5 36. exf6+ Bxf6 37. Nxf6 Kxf6 38. Re2 Rc3 39. Rae5 Nc7 40. R5e4 Rdxd3+ 41. cxd3 Rxb3 42. g5+ Ke7 43. Kg4 Rb1 44. Rc2 Kd6 45. Rce2 Kd7 46. Re1 Rb2 47. Ra1 b3 48. Ra7 Kd6 49. Rb4 Nd5 50. Rb8 Ne3+ 51. Kf3 Nc2 52. Rxh7 Nd4+ 53. Ke4 Nc6 54. Rbb7 Re2+ 55. Kf3 Nd4+ 56. Kg3 Nf5+ 57. Kf3 Nd4+ 58. Kg3 Nf5+ 59. Kf3 Nd4+ 1/2-1/2

[Event "FIDE World Cup (Women)"]
[Site "Baku"]
[Date "2023.08.06"]
[Round "3.2"]
[White "Assaubayeva, Bibissara"]
[Black "Paehtz, Elisabeth"]
[Result "0-1"]
[WhiteElo "2469"]
[BlackElo "2471"]
[PlyCount "114"]
[EventDate "2023.07.30"]
[EventType "k.o."]
[EventRounds "7"]
[EventCountry "AZE"]
[SourceTitle "EXT 2024"]
[Source "ChessBase"]
[SourceDate "2023.10.10"]
[SourceVersion "1"]
[SourceVersionDate "2023.10.10"]
[SourceQuality "1"]

1. c4 e6 2. Nc3 d5 3. d4 h6 4. cxd5 exd5 5. Bf4 c6 6. e3 Bf5 7. Nge2 Bd6 8. Ng3 Bg6 9. Bxd6 Qxd6 10. Bd3 Bxd3 11. Qxd3 Ne7 12. 0-0 0-0 13. b4 Nd7 14. b5 c5 15. dxc5 Qxc5 16. Rfd1 Nf6 17. Rac1 Rac8 18. Nce2 Qb4 19. a3 Qa4 20. Nd4 Rxc1 21. Rxc1 Rc8 22. Rxc8+ Nxc8 23. Qc2 Qxc2 24. Nxc2 Nd6 25. Nd4 g6 26. a4 Nc4 27. Kf1 Kf8 28. Nb3 Ke7 29. Ne2 Kd6 30. Nc3 Ne4 31. Nxe4+ dxe4 32. Ke2 Kd5 33. f3 f5 34. fxe4+ fxe4 35. h4 Nd6 36. g4 Kc4 37. b6 a6 38. Nd4 Kb4 39. Kd2 Nc4+ 40. Kc1 Nxb6 41. h5 gxh5 42. gxh5 Nd5 43. Nf5 Nf6 44. Nxh6 Nxh5 45. Nf5 Nf6 46. Nd6 b6 47. Kd2 a5 48. Kc2 Nd5 49. Kd2 Kxa4 50. Nxe4 Kb3 51. Kd3 b5 52. Kd4 Nc7 53. Nc5+ Kc2 54. e4 a4 55. e5 a3 56. Nd3 Na6 57. Ne1+ Kd1 0-1

[Event "Global Chess League"]
[Site "Dubai"]
[Date "2023.06.30"]
[Round "9.5"]
[White "Paehtz, Elisabeth"]
[Black "Shuvalova, Polina"]
[Result "1/2-1/2"]
[WhiteElo "2477"]
[BlackElo "2496"]
[PlyCount "199"]
[EventDate "2023.06.22"]
[EventType "team-tourn (rapid)"]
[EventRounds "10"]
[EventCountry "UAE"]
[SourceTitle "CBM 215 Extra"]
[Source "ChessBase"]
[SourceDate "2023.09.30"]
[SourceVersion "1"]
[SourceVersionDate "2023.09.30"]
[SourceQuality "1"]
[WhiteTeam "SG Alpine Warriors"]
[BlackTeam "Chingari Gulf Titans"]
[WhiteTeamCountry "IND"]
[BlackTeamCountry "IND"]

1. e4 c5 2. Nf3 e6 3. d4 cxd4 4. Nxd4 Nf6 5. Nc3 Nc6 6. Ndb5 Bc5 7. Bf4 0-0 8. Bc7 Qe7 9. Bd6 Bxd6 10. Qxd6 Qd8 11. 0-0-0 a6 12. Nd4 Ne7 13. h4 b5 14. h5 Ne8 15. Qh2 h6 16. a3 Qb6 17. g4 Bb7 18. Rg1 f6 19. Qg3 Rc8 20. Nb3 d5 21. exd5 Nxd5 22. Nxd5 Bxd5 23. Bg2 Nc7 24. Kb1 Rfd8 25. Bxd5 Nxd5 26. Rd2 b4 27. axb4 Nxb4 28. Rxd8+ Qxd8 29. Rc1 Qd5 30. Qe3 a5 31. Qb6 Ra8 32. Re1 e5 33. Qc5 Qxc5 34. Nxc5 Rc8 35. Nd3 Nxd3 36. cxd3 Kf7 37. Re4 Rc5 38. Rc4 Rd5 39. Kc2 f5 40. Rc7+ Kf6 41. Rc6+ Kf7 42. gxf5 Rd4 43. Re6 Rd5 44. Kc3 Rc5+ 45. Kd2 Rb5 46. Ke3 Rxb2 47. Rxe5 a4 48. Ra5 Rb4 49. d4 Kf6 50. Ke4 Rb2 51. Ra6+ Kf7 52. f4 Re2+ 53. Kd5 Ra2 54. Ke5 Re2+ 55. Kd6 Ra2 56. Kd7 a3 57. d5 Rd2 58. d6 a2 59. Kc7 Rc2+ 60. Kd8 Rd2 61. d7 Rc2 62. Ra8 Kf8 63. Ra5 Kf7 64. Ra6 Rd2 65. Kc8 Rc2+ 66. Kb7 Ke7 67. Kb6 Kxd7 68. Kb5 Ke7 69. Kb4 Rf2 70. Kb3 Kf7 71. Kc3 Rh2 72. Kd3 Rxh5 73. Rxa2 Rxf5 74. Ke4 Rb5 75. Ra7+ Kg6 76. Kf3 Rb3+ 77. Kg4 Rb6 78. Rc7 Kf6 79. Rd7 Kg6 80. Rc7 Rb1 81. Rc6+ Kh7 82. f5 Rb4+ 83. Kg3 Rb7 84. Kg4 Kg8 85. Ra6 Rb4+ 86. Kg3 Kf7 87. Rc6 Rd4 88. Ra6 Ke7 89. Re6+ Kf7 90. Rb6 Ra4 91. Rc6 Kg8 92. Rb6 Ra8 93. Kg4 Rf8 94. Rc6 Kh7 95. Rb6 Rf7 96. Rc6 Rf6 97. Rxf6 gxf6 98. Kh5 Kg7 99. Kh4 Kh7 100. Kh5 1/2-1/2